Science Quiz

Random Science or Art Quiz
Score 0/75 Timer 06:00
8 Plays Today
% Correct
96.8%
96.8%
96.8%
96.8%
PUG
96.8%
81%
81%
81%
81%
BULL TERRIER
81%
79.2%
79.2%
79.2%
79.2%
ROTTWEILER
79.2%
74.7%
74.7%
74.7%
74.7%
ST. BERNARD
74.6%
62.8%
62.8%
62.8%
62.8%
CHOW CHOW
62.7%
62%
62%
62%
62%
POODLE
61.9%
59.3%
59.3%
59.3%
59.3%
BOSTON TERRIER
59.2%
52.5%
52.5%
52.5%
% Correct
52.5%
GERMAN SHEPHERD
52.4%
51.4%
51.4%
51.4%
51.4%
DALMATIAN
51.4%
50.9%
50.9%
50.9%
50.9%
SCHNAUZER
50.8%
50.5%
50.5%
50.5%
50.5%
YORKSHIRE TERRIER
50.5%
44%
44%
44%
44%
PEMBROKE CORGI
43.9%
40.9%
40.9%
40.9%
40.9%
DACHSHUND
40.9%
39.8%
39.8%
39.8%
39.8%
39.8%
39.8%
39.8%
39.8%
SIBERIAN HUSKY
39.7%
BASSET HOUND
39.7%

You're not logged in!

Compare scores with friends on all Sporcle quizzes.
OR
Log In

Sporcle TV

Today on Sporcle TV


Watch our educational content, quiz creation guides, and fun videos on Sporcle TV.

Show Comments

Extras

Top Quizzes Today


Score Distribution

Paid Content

Your Account Isn't Verified!

In order to create a playlist on Sporcle, you need to verify the email address you used during registration. Go to your Sporcle Settings to finish the process.

Report this User

Report this user for behavior that violates our Community Guidelines.

Details: